| 000 | 00399nam a22001457a 4500 | ||
|---|---|---|---|
| 999 |
_c2710 _d2710 |
||
| 008 | 200313b ||||| |||| 00| 0 eng d | ||
| 082 | 0 | 0 |
_a373.42 _bM6653 |
| 110 |
_92327 _aMinistry of Education, London |
||
| 245 | 1 | 0 |
_aThe New secondary education _cby Ministry of Education, London |
| 260 |
_aLondon _bHMSO _c1953 |
||
| 300 | _a62 p. | ||
| 365 | _d1.14 | ||
| 650 | 0 | _aSecondary Education | |
| 942 | _cBK | ||